Guide to the design of real-time systems /
Guardado en:
| Autor Principal: | |
|---|---|
| Formato: | Libro |
| Idioma: | English |
| Publicado: |
New York :
Wiley-Interscience,
c1970.
|
| Etiquetas: |
Agregar Etiqueta
Sin Etiquetas, Sea el primero en etiquetar este registro!
|
| LEADER | 00463nam a22001455 4500 | ||
|---|---|---|---|
| 001 | MAT.inmabb002050 | ||
| 008 | 700420s1970####nyua##########001#0#eng#d | ||
| 005 | 20170427152411.0 | ||
| 245 | 1 | 0 | |a Guide to the design of real-time systems / |c Michael F. Rothstein. |
| 260 | |a New York : |b Wiley-Interscience, |c c1970. | ||
| 300 | |a ix, 243 p. : |b il. ; |c 24 cm. | ||
| 020 | |a 0471739723 | ||
| 100 | 1 | |a Rothstein, Michael F. | |
| 010 | |a 74094914 | ||
| 859 | |h 68 |i R847 |p A-3701 |b BIB. MATEMATICA | ||
